Statistics for The Byrds Albums

Click here to take the quiz!

General Stats

  • This quiz has been taken 46 times
  • The average score is 9 of 12

Answer Stats

HintAnswer% Correct
1965Mr. Tambourine Man
100%
1965Turn! Turn! Turn!
97%
1966Fifth Dimension
94%
1967Younger Than Yesterday
94%
1968The Notorious Byrd Brothers
88%
1968Sweetheart of the Rodeo
82%
1973Byrds
79%
1969Ballad of Easy Rider
62%
1970(Untitled)
59%
1971Byrdmaniax
47%
1969Dr. Byrds & Mr. Hyde
38%
1971Farther Along
35%

Score Distribution

Percentile by Number Answered

Percent of People with Each Score

Your Score History

You have not taken this quiz